Les sigles dans les voitures - Statistiques

Statistiques générales
  • Ce quiz a été pris 25 fois
  • Le résultat moyen est 2 sur 17
Statistiques - réponses
Hint Réponse % Correct
Système antiblocage : empêche les roues de se bloquer au freinage pour garder la direction. ABS
95%
Régulateur de vitesse adaptatif : maintient une vitesse et une distance sûre avec le véhicule devant. ACC
9%
Contrôle de stabilité pour éviter la perte d’adhérence. ESP
9%
Assistant de maintien dans la voie : maintient la voiture centrée dans sa voie en agissant sur la direction. LTA
9%
Système de pré-collision : détecte les risques de choc et peut freiner automatiquement pour éviter ou réduire l’impact. PCS
9%
Feux de route automatiques : gère automatiquement les pleins/phare en fonction des autres usagers. AHB
5%
Alerte de trafic avant : avertit en cas de véhicule arrivant latéralement à l’avant. FCTA
5%
Affichage transparent dans le pare-brise (vitesse, navigation…). HUD
5%
Radars avant et arrières, reliés au systeme de freinage anticollision PKSB
5%
Alerte de trafic arrière : signale un véhicule approchant quand on recule hors d’une place. RCTA
5%
Aide à la sortie sécurisée : empêche d’ouvrir une porte si un véhicule arrive par l’arrière. SEA
5%
Détecteur d’angle mort : signale un véhicule dans l’angle mort. BSM
0%
Arrêt d’urgence : si le conducteur ne réagit plus, le système immobilise le véhicule en sécurité. EDSS
0%
Aide au démarrage en côte : empêche le véhicule de reculer en côte. HAC
0%
Assistant de conduite proactive : ajuste freinage et direction pour éviter les risques sans intervention brutale. PDA
0%
Reconnaissance de panneaux : affiche les panneaux détectés (vitesse, interdictions, etc.) sur le tableau de bord. RSA
0%
Détecteur de fatigue qui alerte le conducteur d'une déviation de trajectoire et envoie une alerte SDF
0%
Aucun quiz correspondant
Distribution des résultats
% des personnes avec chaque résultat
Percentile par nombre de réponses
Votre historique - résultats
Vous n’avez pas pris ce quiz